Contra-Ordenaȯes ̉Seguranȧ Social

Bibliographic Details
Main Author: Rocha, Graȧ
Format: Unknown
Language:English
Published: Portugal : Almeida & Leitó, 2006
Subjects:
Online Access:Acceso restringido

MARC

LEADER 00000ny a22000003n 4500
005 20110622144147.0
008 091223s2006 po 000 0 eng d
020 |a 9789727490899 
035 |a 1862 
040 |a BUS  |d vLex 
090 |c 1020  |d 1020 
100 1 |a Rocha, Graȧ  
245 1 0 |a Contra-Ordenaȯes ̉Seguranȧ Social  |h [Recurso electrn̤ico]  |c Graca, Rocha  
256 |a Servicio en ln̕ea 
260 |a Portugal :  |b Almeida & Leitó,  |c 2006 
300 |a p. ;  |c cm 
506 1 |a Contenido solo disponible en los productos indicados  |d vLex Global  |d vLex Global (Academic Edition, excluding Law Schools)  |d vLex Global (U.S. Academic Edition, Law Schools)  |d vLex Global (U.S. Academic Edition, excluding Law Schools)  |d vLex Global (Academic Edition, Law Schools) 
650 0 4 |a Seguridad Social  |x Derecho 
740 0 |a vLex Libros (Servicios en ln̕ea) 
856 4 0 |z Acceso restringido  |u http://vlex.com/source/1862 
942 |c BOOK